| 000 | 00402nam a2200181Ia 4500 | ||
|---|---|---|---|
| 001 | 14376 | ||
| 005 | 20250626030258.0 | ||
| 008 | 211022s9999 xx 000 0 und d | ||
| 020 | _a9781786634481 | ||
| 082 | _a333.3/156953 WEI | ||
| 100 | _aWeizman, Eyal | ||
| 245 | 0 | _aHollow land : | |
| 260 | _aLondon ; | New York : | ||
| 260 | _bVerso, | ||
| 260 | _c2007 | ||
| 300 | _a318 p. : | ||
| 942 | _cBK | ||
| 999 |
_c9729 _d9729 |
||